Rýchle tuhnutie dikrétnych mikročastíc zliatin na báze niklu eutektického typu : Dizertačná práca

Na minha lista:
Detalhes bibliográficos
Autor principal: Trnková, Lýdia (Author)
Outros Autores: Grgač, Peter, 1952- (Thesis advisor)
Formato: Livro
Idioma:eslovaco
Publicado em: Trnava : STU v Bratislave MTF, 2006
Assuntos:
Tags: Adicionar Tag
Sem tags, seja o primeiro a adicionar uma tag!

MARC

LEADER 00000nam a22000003a 4500
001 stu143600
005 20150617225949.7
008 070730s2006----xo------------------slo-d
040 |a STU  |b slo 
041 0 |a slo 
044 |a xo 
100 1 |a Trnková, Lýdia  |4 aut  |u M130  |9 100  |U MTF Materiálovotechnologická fakulta  |T MTF Katedra materiálového inžinierstva  |U M130  |Y 481 
245 1 |a Rýchle tuhnutie dikrétnych mikročastíc zliatin na báze niklu eutektického typu :  |b Dizertačná práca 
260 |a Trnava :  |b STU v Bratislave MTF,  |c 2006 
300 |a 216 s 
500 |a Špecializácia: 23-07-9 Strojárske technológie a materiály 
650 7 |a žiarové striekanie  |2 stusub 
650 7 |a práškové materiály  |2 stusub 
650 7 |a solidifikácia zliatin  |2 stusub 
700 1 |a Grgač, Peter,  |d 1952-  |4 ths  |u M1000  |U MTF Materiálovotechnologická fakulta  |T MTF Ústav materiálov  |X 4174  |U M1000  |Y 81  |7 A000004174 
996 |b 284M076722  |c M*DzP-59  |l MMSKP  |s P  |a 0  |w stu143600_0001